Statistics for Liverpool Trivia

Click here to take the quiz!

General Stats

  • This quiz has been taken 2,945 times
    (1,579 since last reset)
  • The average score is 13 of 16

Answer Stats

QuestionAnswer% Correct
Who is the current manager of Liverpool?Jürgen Klopp
99%
What is the name of Liverpool's stadium?Anfield
98%
Who is the current captain of Liverpool?Virgil van Dijk
96%
Who is Liverpool's record signing, arriving from Southampton for £75m in 2018?Virgil van Dijk
96%
What is Liverpool's nickname?The {Reds}
95%
Which Liverpool legend captained the club from 2003 until 2015?Steven Gerrard
93%
With which club does Liverpool contest the Merseyside Derby?Everton
91%
Which Liverpool player set the then-record for most goals scored in a 38-game Premier League season in 2017/18?Mohamed Salah
90%
Which Uruguayan won the Premier League Golden Booth whilst playing for Liverpool in 2013/14?Luis Suárez
89%
What is the Liverpool club anthem?You'll Never Walk Alone
83%
Which Liverpool player won the 2001 Ballon d'Or?Michael Owen
82%
Which Welshman is Liverpool's all-time record goalscorer with 346?Ian Rush
81%
In 2017, Liverpool renamed their Centenary Stand after which legendary former player and manager?Sir Kenny Dalglish
65%
The gates outside Liverpool's stadium are named after which former manager?Bill Shankly
56%
Which Englishman won three European Cups as manager of Liverpool?Bob Paisley
51%
Which Englishman holds the record for most Liverpool appearances with 857?Ian Callaghan
21%

Score Distribution

Percentile by Number Answered

Percent of People with Each Score

Your Score History

You have not taken this quiz since the last reset